Management Services Food Beverage Operations / (Record no. 590437)
[ view plain ]
| 000 -LEADER | |
|---|---|
| fixed length control field | 00371nam a22001337a 4500 |
| 020 ## - INTERNATIONAL STANDARD BOOK NUMBER | |
| International Standard Book Number | 9781639893393 |
| 082 ## - DEWEY DECIMAL CLASSIFICATION NUMBER | |
| Classification number | 647.95068 |
| Author Mark | MOO |
| 100 ## - MAIN ENTRY--PERSONAL NAME | |
| Personal name | Moore, Charlotte |
| 245 ## - TITLE STATEMENT | |
| Title | Management Services Food Beverage Operations / |
| Statement of responsibility, etc. | Charlotte Moore |
| 260 ## - PUBLICATION, DISTRIBUTION, ETC. | |
| Place of publication, distribution, etc. | U.S.A : |
| Name of publisher, distributor, etc. | States Academic Press, |
| Date of publication, distribution, etc. | 2021. |
| 300 ## - PHYSICAL DESCRIPTION | |
| Extent | 231 p. ; |
| Dimensions | 28 cm. |
| 563 ## - BINDING INFORMATION | |
| Binding note | HBK. |
| 942 ## - ADDED ENTRY ELEMENTS (KOHA) | |
| Source of classification or shelving scheme | |
| Koha item type | Book |
| Withdrawn status | Lost status | Source of classification or shelving scheme | Damaged status | Not for loan | Permanent Location | Current Location | Date acquired | Source of acquisition | Total Checkouts | Full call number | Barcode | Date last seen | Price effective from | Koha item type |
|---|---|---|---|---|---|---|---|---|---|---|---|---|---|---|
| Central Library (CL) | Central Library (CL) | 07/21/2022 | Progressive International Agencies | 647.95068 MOO | CL-1141 | 07/21/2022 | 07/21/2022 | Book |
